Statistics for Countries with Longest Land Borders

Click here to take the quiz!

General Stats

  • This quiz has been taken 2,090 times
    (528 since last reset)
  • The average score is 17 of 20

Answer Stats

kmcountrymiles% Correct
22,147China13,762
99%
12,034United States7478
99%
20,017Russia12,438
99%
14,691Brazil9129
98%
8893Canada5526
98%
14,103India8763
95%
12,012Kazakhstan7464
94%
9665Argentina6006
94%
6171Chile3834
93%
10,730Dem Rep
of the Congo
6667
93%
8220Mongolia5108
92%
6343Algeria3941
85%
6764Sudan4203
83%
5968Chad3708
83%
6774Pakistan4209
79%
7243Mali4501
78%
6004Colombia3731
66%
6743Bolivia4190
65%
6221Uzbekistan3866
62%
5876Myanmar3651
51%

Score Distribution

Percentile by Number Answered

Percent of People with Each Score

Your Score History

You have not taken this quiz since the last reset